000 00533nam a2200181 a 4500
001 6699
003 CO-ViMGA
008 141112s2004 ck r 000 u spa d
040 _aCO-ViMGA
_bspa
_cCO-ViMGA
082 0 4 _a760.2 P677d
100 1 _aPorter, Tom
_95603
245 1 0 _aDiseño :
_btecnicas gráficas para arquitectos, diseñadores y artistas /
_cPorter Tom , Goodman Sue
260 _aMexico :
_bGustavo Gili,
_c1992
300 _a144 p : il
650 1 4 _aDISEÑO GRAFICO
650 1 4 _aGoodman, Sue
_95604
942 _2ddc
_cBK
999 _c18668
_d18668